| 000 | 00907 a2200193 4500 | ||
|---|---|---|---|
| 003 | Nust | ||
| 005 | 20230504123826.0 | ||
| 010 | _a54032022 | ||
| 040 | _cNust | ||
| 082 | _a629.8323,WES | ||
| 100 |
_aWest, John Clifford _9112104 |
||
| 245 |
_aTextbook of servomechanisms / _cJohn C. West, |
||
| 260 |
_aEnglish Universities Press _bLondon, _c1953 |
||
| 300 |
_a238 p _billus _c23 cm |
||
| 505 | _aIntroduction (Page-9),Open and Closed Loop (Page-12), Simple Position (Page-15), Friction Damping (Page-24), Output Velocity (Page-34), The Servo as a Network (Page-42), Alternative Damping (Page-62), Stability (Page-75), Speed Control (Page-112), Integral Control (Page-126), Rotary Amplifiers (Page-170), Some Effects of Structured (Page-208), The Treatment of Non Linearity’s (Page-223). | ||
| 600 |
_aWest, John Clifford _9112104 |
||
| 650 |
_aTextbook of servomechanisms _9112105 |
||
| 942 |
_2ddc _cBK |
||
| 999 |
_c183959 _d183959 |
||